000 00651cam a2200229 i 4500
008
020 _a9781909488151 (pbk.)
049 _aMAIN
090 _aQL737.P98
_bSAL
100 1 _aSalusbury, Matt.
245 1 0 _aPygmy elephant on the track of world's largest dwarfs /
_cMatt Salusbury.
260 _aNorth Devon :
_bCFZ,
_ccMMXIII.
300 _a314 +(17) p. :
_bill. ;
_c24 cm.
650 0 _aAfrican elephant.
650 1 _aElephants.
650 1 _aAnimals.
907 _a.b10352004
_b28-11-14
_c28-11-14
003
005 20230123122126.0
040 _cNUST
942 _cBOOKS
_kQL737.P98
_mSAL
999 _c128223
_d128223